|
|
|
|
| LEADER |
00000nas1a2200000 4500 |
| 001 |
380194 |
| 005 |
20231101062642.0 |
| 035 |
|
|
|a (RuTPU)RU\TPU\prd\969
|
| 035 |
|
|
|a BOOK00000970
|
| 090 |
|
|
|a 380194
|
| 100 |
|
|
|a 20011210b1892 k y0rusy50 ca
|
| 101 |
0 |
|
|a rus
|
| 102 |
|
|
|a RU
|
| 110 |
|
|
|a aeazz 0uu0
|
| 200 |
1 |
|
|a Золото и Платина
|e научно-технический журнал
|
| 210 |
|
|
|a Петроград
|c Типо-Литография "Якорь"
|d 1906-1916
|
| 305 |
|
|
|a Издается с 1906 г.
|
| 326 |
|
|
|a 24 номера в год
|
| 430 |
|
1 |
|0 (RuTPU)RU\TPU\prd\968
|t Вестник золотопромышленности и горного дела вообще
|o технико-экономический журнал
|c Томск
|d 1892, 1894-1906
|
| 610 |
1 |
|
|a золото
|
| 610 |
1 |
|
|a золоторудные месторождения
|
| 610 |
1 |
|
|a золотопромышленность
|
| 610 |
1 |
|
|a платина
|
| 610 |
1 |
|
|a горное дело
|
| 610 |
1 |
|
|a золото-рудные породы
|
| 675 |
|
|
|a 622.342/349
|v 3
|
| 801 |
|
0 |
|a RU
|b 63413507
|c 20011210
|g PSBO
|
| 801 |
|
2 |
|a RU
|b 63413507
|c 20140407
|g PSBO
|
| 942 |
|
|
|c CR
|